00702nam a22002417a 4500003001100000005001700011008004100028040003900069041000800108082001600116100002100132110002100153245002400174260004400198300002000242650002900262650002800291650000900319650001900328942000700347952009100354999001500445LK-CoMWRAF20230927092925.0230927b |||||||| |||| 00| 0 eng d aLK-CoMWRAFdLK-CoMWRAFeLK-CoMWRAF aeng a155.32bPEE aPeele, Stanton  aBrodsky, Archie  aLove and addiction  aNew York :bTaplinger Publishing,c1975 a284 p. ; 24 cm. aInterpersonal relations  aRelationship addiction  aLove aDrug addiction cBK 00104070aMAINbMAINd2023-09-27l0o155.32 PEEpRAF2022r2023-09-27w2023-09-27yBK c3692d3692